ICORENA

En este artículo se analiza la situación de los recursos naturales renovables de Costa Rica, señalando que de ellos depende, en mucho, el ordenamiento social y la tranquilidad. El país sufre, desde 1956, una grave crisis referente a la indebida utilización de esos recursos lo cual ha perjudicado las...

Descrizione completa

Salvato in:
Dettagli Bibliografici
Ente Autore: Instituto Costarricense de Recursos Naturales Renovables (Costa Rica)
Natura: testo
Pubblicazione: San José: El Instituto
Soggetti:
Tags: Aggiungi Tag
Nessun Tag, puoi essere il primo ad aggiungerne!!

MARC

LEADER 00000 a a2200000 04500
001 13235
003
040
090 |a 026400  
110 |a Instituto Costarricense de Recursos Naturales Renovables (Costa Rica)  
245 |a ICORENA  
260 |a San José:   |b El Instituto  
300 |a 28 p.  
520 |a En este artículo se analiza la situación de los recursos naturales renovables de Costa Rica, señalando que de ellos depende, en mucho, el ordenamiento social y la tranquilidad. El país sufre, desde 1956, una grave crisis referente a la indebida utilización de esos recursos lo cual ha perjudicado las aguas, los suelos y la fauna silvestre. Comentan que la Ley Forestal es un paso positivo, pues con ella se creó un instrumento de control. También hablan sobre el papel que deberá desempeñar la administración Carazo Odio y de la posición del Instituto Costarricense de Recursos Naturales Renovables (ICORENA). Finalmente, apuntan que se debe controlar la deforestación como un camino para lograr la estabilidad socio-económica y lograr la conservación de los recursos naturales renovables por el bienestar común. LOB/mb  
650 |a RECURSOS NATURALES  
650 |a REFORESTACION  
650 |a CONSERVACION DE LA NATURALEZA  
650 |a SEGURIDAD SOCIAL  
650 |a CONTAMINACION DEL AGUA  
650 |a CONTAMINACION DEL SUELO  
650 |a POLITICA FORESTAL  
650 |a ESTABILIZACION ECONOMICA  
999 |c 12780  |d 12780